000 01226cam a22003255a 4500
001 64301
003 NUST
005 20230224094327.0
008 940421s1994 pk b b 001 0 eng d
010 _a 94195520
015 _aGB94-48712
020 _a0195774922
035 _a(OCoLC)30309539
040 _aCSjU
_cCSjU
_dUk
_dDLC
042 _alccopycat
043 _aa-bg---
050 0 0 _aDS394.5
_b.Z34 1994
082 0 4 _a954.9,ZAH
_220
100 1 _aZaheer, Hasan.
_924083
245 1 4 _aThe separation of East Pakistan :
_bthe rise and realization of Bengali Muslim nationalism /
_cHasan Zaheer.
260 _aKarachi ;
_aNew York :
_bOxford University Press,
_c1994.
300 _axxxi, 511 p. :
_bmaps ;
_c22 cm.
505 _aPart I: Muslim Bengal and Pakistan (Page-3), Part II: Army action, Civil war, and separation (Page-163).
650 0 _aNationalism
_zBangladesh
_xHistory.
_9109552
651 0 _aBangladesh
_xHistory
_yRevolution, 1971.
856 4 2 _3Publisher description
_uhttp://www.loc.gov/catdir/enhancements/fy0638/94195520-d.html
906 _a7
_bibc
_ccopycat
_d2
_encip
_f19
_gy-gencatlg
942 _2ddc
_cBK
_k954.9,ZAH
999 _c593429
_d593429